| 000 | 00607nam a2200193 i 4500 | ||
|---|---|---|---|
| 001 | 141130 | ||
| 003 | ES-MaACL | ||
| 005 | 20230906200228.0 | ||
| 007 | t| | ||
| 008 | 070919s1961 sp ||||1| spa d | ||
| 100 | 1 |
_aVito, Francesco. _9115515 |
|
| 245 | 1 | 0 |
_aEconomía política / _cFrancesco Vito ; pólogo José Zubizarreta ; traducción de Carlos Humberto Nuñez. |
| 250 | _a3ª ed. | ||
| 260 |
_aMadrid : _bTesoro, _c[1961] |
||
| 300 |
_a798 p. ; _c26 cm. |
||
| 700 | 0 |
_aZubizarreta Gutiérrez, José. _9118418 |
|
| 700 | 1 |
_aNúñez, Carlos Humberto. _986143 |
|
| 852 |
_aES-MaACL _jE-636 _bR.47711 |
||
| 999 |
_c141130 _d141130 |
||